000 00795nam a2200253Ia 4500
003 OSt
005 20220930071341.0
006 a|||||r|||| 00| 0
007 ta
008 220926b |||||||| |||| 00| 0 eng d
024 _a8316
037 _cTheses
040 _aCRL
_cCRL
_beng
041 _2eng
_aeng
100 _aTaneja Veena
_9528307
110 _aUniversity of Delhi. Faculty of Medical Sciences. Department of Anatomy
245 0 _aImmunogenetic studies in familial rheumatoid arthritis in India
260 _c1992
650 _aANATOMY
700 _a Dr Chandrama Anand Supervisor
_9524028
700 _aUniversity of Delhi. Faculty of Medical Sciences. Department of Anatomy
942 _cDIS
_2CC
999 _c862199
_d862199